000 00559nam a2200181Ia 4500
008 090124s9999 xx 000 0 und d
082 _b25360
_a2717
100 _aशिरवाडकर वसंत
245 _a स्फूर्तिचित्रे
250 _a1
260 _c1985
300 _a80
600 _aशिरवाडकर वसंत
630 _a स्फूर्तिचित्रे
700 _aशिरवाडकर वसंत
730 _a स्फूर्तिचित्रे
942 _cBOOK
999 _c138873
_d138873